000 00502nam a2200169Ia 4500
008 090122s9999 xx 000 0 und d
082 _b3213
_a891.4683
100 _aनाडकर्णी
_bज्ञानेश्वर
245 _aप्रस्थान
260 _bमॅजेस्टिक
300 _a222
600 _aनाडकर्णी
630 _aप्रस्थान
700 _aनाडकर्णी
730 _aप्रस्थान
942 _cBOOK
999 _c27291
_d27291